Key to Vedic Symbolism (Record no. 1390917)

MARC details
000 -LEADER
fixed length control field 00552nam a2200241Ia 4500
008 - FIXED-LENGTH DATA ELEMENTS--GENERAL INFORMATION
fixed length control field 160620s9999||||xx |||||||||||||| ||und||
040 ## - CATALOGING SOURCE
Transcribing agency English
082 ## - DEWEY DECIMAL CLASSIFICATION NUMBER
Classification number XVA
082 ## - DEWEY DECIMAL CLASSIFICATION NUMBER
Item number BORI-57525
245 ## - TITLE STATEMENT
Title Key to Vedic Symbolism
260 ## - PUBLICATION, DISTRIBUTION, ETC. (IMPRINT)
Place of publication, distribution, etc Pondicherry
260 ## - PUBLICATION, DISTRIBUTION, ETC. (IMPRINT)
Name of publisher, distributor, etc Dipti Publications
300 ## - PHYSICAL DESCRIPTION
Extent 122
300 ## - PHYSICAL DESCRIPTION
Dimensions A
300 ## - PHYSICAL DESCRIPTION
Accompanying material Hardbound
530 ## - ADDITIONAL PHYSICAL FORM AVAILABLE NOTE
Uniform Resource Identifier <a href="00057525.pdf">00057525.pdf</a>
563 ## - BINDING INFORMATION
Binding note Ref
630 ## - SUBJECT ADDED ENTRY--UNIFORM TITLE
Uniform title Key to Vedic Symbolism
650 ## - SUBJECT ADDED ENTRY--TOPICAL TERM
Topical term or geographic name as entry element Dictionaries
650 ## - SUBJECT ADDED ENTRY--TOPICAL TERM
Topical term or geographic name as entry element Reference
730 ## - ADDED ENTRY--UNIFORM TITLE
Uniform title Key to Vedic Symbolism
942 ## - ADDED ENTRY ELEMENTS (KOHA)
Koha item type Book
Holdings
Withdrawn status Lost status Damaged status Not for loan Home library Current library Date acquired Cost, normal purchase price Total Checkouts Full call number Barcode Date last seen Cost, replacement price Price effective from Koha item type
        Bhandarkar Oriental Research Institute, Pune Bhandarkar Oriental Research Institute, Pune 02/10/1988 10.00   BORI-57525 BORI-57525 06/21/2016 10.00 06/21/2016 Book